| 000 -ლიდერი |
| ფიქსირებული სიგრძის საკონტროლო ველი |
01149nam a2200217Ia 4500 |
| 001 - საკონტროლო ნომერი |
| საკონტროლო ველი |
6970 |
| 003 - საკონტროლო ნომრის იდენტიფიკატორი |
| საკონტროლო ველი |
GE_BSU |
| 005 - ბოლო ოპერაციის თარიღი და დრო |
| საკონტროლო ველი |
20190701164628.0 |
| 008 - ფიქსირებული სიგრძის მონაცემთა ელემენტები - ზოგადი ინფორმაცია |
| ფიქსირებული სიგრძის საკონტროლო ველი |
181216s1974||||ge |||||||||||||| ||geo|| |
| 040 ## - კატალოგიზაციის წყარო |
| Transcribing agency |
|
| 041 ## - ენის კოდი |
| Language code of text/sound track or separate title |
geo |
| 080 ## - უნივერსალური ათობითი კლასიფიკაციის ინდექსი |
| Universal Decimal Classification number |
69.035.4(075.8)+624+622 ც-73 |
| 100 ## - მთავარი ჩანაწერი - პიროვნების სახელი |
| Personal name |
ცისკარიშვილი, ე. |
| 9 (RLIN) |
3138 |
| 245 ## - ცნობა სათაურის შესახებ |
| Title |
მიწისქვეშა ნაგებობათა და შახტების მშენებლობის ტექნოლოგია და მექანიზაცია : I ნაწ. / |
| Statement of responsibility, etc |
ე. ცისკარიშვილი ; რედ : ჩ. გურგენიძე . |
| 245 ## - ცნობა სათაურის შესახებ |
| Statement of responsibility, etc |
|
| 260 ## - გამოქვეყნების, გავრცელების, და სხვა. ცნობები |
| Date of publication, distribution, etc |
თბილისი : |
| Place of publication, distribution, etc |
განათლება, |
| Name of publisher, distributor, etc |
1974. |
| 300 ## - ფიზიკური აღწერა |
| Extent |
495 გვ .: |
| Other physical details |
ცხრ;ნახ. |
| Dimensions |
22 სმ. |
| 653 ## - INDEX TERM--UNCONTROLLED |
| Uncontrolled term |
მიწისქვეშა ნაგებობათა და შახტების მშენებლობის ტექნოლოგია და მექანიზაცია |
| 700 ## - ADDED ENTRY--PERSONAL NAME |
| Personal name |
გურგენიძე., ჩ |
| Relator term |
რედაქტორი |
| 9 (RLIN) |
3139 |
| 942 ## - ADDED ENTRY ELEMENTS (KOHA) |
| Koha item type |
წიგნი |
| Source of classification or shelving scheme |
|